Pío XII, pastor angélico : vida anecdótica del Papa / [por] Aureliano Tapia Méndez

Uloženo v:
Podrobná bibliografie
Hlavní autor: Tapia Méndez, Aureliano (autor)
Médium: Kniha
Témata:
Tagy: Přidat tag
Žádné tagy, Buďte první, kdo vytvoří štítek k tomuto záznamu!

MARC

LEADER 00000nam^a2200000^u^4500
001 000544633
005 20250521000000.0
008 060220s1000^^^^^^^^^^^^r^^^^^000^0^spa^d
009 20260526152333.491
035 |a FMI 000013845 
037 |a Acervo Xavier Clavigero 
096 |a 3.6.2/51/C 
100 |a Tapia Méndez, Aureliano  |e (autor) 
245 1 0 |a Pío XII, pastor angélico : vida anecdótica del Papa / [por] Aureliano Tapia Méndez 
264 |a Monterrey, N.L. : Al Voleo, 1958 
300 |a 130 p. 
336 |a texto  |b txt  |2 rdacontenido 
337 |a sin mediación  |b n  |2 rdamedio 
338 |a volumen  |b nc  |2 rdasoporte 
649 |a XX 
650 |a PERSONAJES CELEBRES 
910 |a Fondo Francisco Migoya Covarrubias S.J. 
920 |a Impresos - Libros 
930 |a Fondos Especiales 
905 |a 134 
901 |a SBC06429  |b IT2  |c ESP  |u 20250521 
902 |a https://opac.biblio.iteso.mx/vufind/Record/000544633